Words Within Words 'B' Blitz Quiz Stats

 Plays Quiz Updated Dec 1, 2018

Score 0/30 Timer 01:30
3 Plays Today
% Correct
ear
93.8%
urn
93.3%
ought
92.9%
in
92.9%
east
92.9%
other
92.4%
loom
91.8%
are
91.8%
oar
91.8%
lame
91.3%
utter
90.7%
one
90.3%
ranch
90.3%
rink
90.1%
owl
89.8%
% Correct
eagle
89.8%
onus
87.7%
ashes
87%
louse
86.2%
lock
85.7%
ye
83.5%
read
82.9%
reed
82.6%
land
81.2%
rows
81.1%
light
81%
raid
79%
arrow
74.4%
road
65.1%
lather
59.1%

You're not logged in!

Compare scores with friends on all Sporcle quizzes.
OR
Log In

You Might Also Like...

Show Comments

Extras

Top Quizzes Today


Score Distribution

Your Account Isn't Verified!

In order to create a playlist on Sporcle, you need to verify the email address you used during registration. Go to your Sporcle Settings to finish the process.

Report this User

Report this user for behavior that violates our Community Guidelines.

Details: